| 000 | 00902cab a2200253 4500 | ||
|---|---|---|---|
| 001 | ABS56643 | ||
| 008 | 090401t1997 xxu||||| |||| 00| 0 eng d | ||
| 035 | _a(Sirsi) u25008 | ||
| 041 | _aeng | ||
| 100 | _aWaters, J. | ||
| 245 | _aValuers will pay a high price for overvaluation | ||
| 260 | _c1997 | ||
| 350 | _a0 | ||
| 490 |
_aProperty Week _v58(6) 14 February 1997, 20(1) |
||
| 520 | _aThe author warns that, despite the bad experiences of the 1980s, it is apparent that valuers are defying the requirements of the Red Book and overvaluing commercial property for loan security - ignoring the evidence of sale prices agreed on the open market. | ||
| 650 | _aPROPERTY-COMMERCIAL PROPERTY | ||
| 650 | _aLENDERS | ||
| 650 | _aOVERVALUATION | ||
| 650 | _aRICS APPRAISAL AND VALUATION MANUAL | ||
| 650 | _aVALUERS | ||
| 690 | _aRATING AND VALUATION | ||
| 942 | _n0 | ||
| 948 | _c04/03/1997 | ||
| 999 |
_c16774 _d16774 |
||